| 000 | 00932nam a22003017a 4500 | ||
|---|---|---|---|
| 003 | CHAP | ||
| 005 | 20220329134007.0 | ||
| 008 | 971013s1980 r 00010 d | ||
| 010 | _a13745 | ||
| 011 | _a14717 | ||
| 035 | _a18791 | ||
| 040 | _cCHAP | ||
| 082 |
_a632.58 _bB44 |
||
| 100 | 0 | 0 |
_aBehrendt, Siegfried. _911302 |
| 245 | _aGrass weeds in world agriculture ; identification in the flowerless state | ||
| 260 |
_aEisenberg, Germany : _bBASF, _c1980 |
||
| 300 |
_a159 p. _b: ilus. |
||
| 590 |
_aBATCH-UPD _b10 _c20130110 _lUCH01 _h1456 |
||
| 590 |
_aBATCH-UPD _b10 _c20130410 _lUCH01 _h0920 |
||
| 590 |
_aBATCH-UPD _b10 _c20130914 _lUCH01 _h0626 |
||
| 590 |
_aCONVERSION _b10 _c20130109 _lUCH01 _h1309 |
||
| 650 | 1 | 4 |
_aMalas hierbas _xIdentificación. _970020 |
| 650 | 1 | 4 |
_aPastos. _985986 |
| 700 | 0 |
_aHanf, Martin. _952524 |
|
| 901 | _aBK | ||
| 942 | _cLIBRO | ||
| 949 |
_a632.58 B44 _bBC _cC _d33724000647616 _eC _h54396 _i18791 _si |
||
| 999 |
_c13745 _d13745 |
||